Music Quiz

Random Music or Song Quiz

Jazz Butcher Conspiracy Song List Quiz Stats

 Plays Quiz not verified by Sporcle

Challenge
Share
Tweet
Embed
Score 0/207 Timer 20:00
0 Plays Today
Album/Issue Song Title % Correct
Bath of BaconPartytime
100%
Bath of BaconGloop Jiving
80%
Bath of BaconJazz Butcher Theme
80%
Bath of BaconBigfoot Motel
80%
Bath of BaconSex Engine
80%
Bath of BaconZombie Love
80%
Bath of BaconGrey Flannelette
80%
Bath of BaconLa Mer
80%
Bath of BaconLove Kittens
80%
Bath of BaconBath Of Bacon
80%
Southern Mark Smith [single]Southern Mark Smith
80%
A Scandal in BohemiaSouthern Mark Smith
80%
A Scandal in BohemiaReal Men
80%
A Scandal in BohemiaSoul Happy Hour
80%
A Scandal in BohemiaI Need Meat
80%
A Scandal in BohemiaJust Like Betty Page
80%
A Scandal in BohemiaMarnie
80%
A Scandal in BohemiaCaroline Wheeler's Birthday Present
80%
A Scandal in BohemiaGirlfriend
80%
Marnie [single]Marnie (Miaow Mix)
80%
Marnie [single]Zombie Love [12']
80%
Marnie [single]Caroline Wheeler's Birthday Present (Original) [7']
80%
Zombie Love [single] Zombie Love
80%
Affection [single]May I (Ayers)
80%
Sex and TravelBig Saturday
80%
Sex and TravelHoliday
80%
Sex and TravelRed Pets
80%
Sex and TravelOnly A Rumour
80%
Sex and TravelPresident Reagan's Birthday Present
80%
Sex and TravelWhat's The Matter, Boy?
80%
Sex and TravelWalk With The Devil
80%
Sex and TravelDown The Drain
80%
Real Men [single]Real Men
80%
Real Men [single]Southern Mark Smith (Original)
80%
The Human Jungle [single]The Human Jungle
80%
Distressed GentlefolkFalling In Love
80%
Distressed GentlefolkBig Bad Thing
80%
Distressed GentlefolkStill In The Kitchen
80%
Distressed GentlefolkHungarian Love Song
80%
Distressed GentlefolkThe New World
80%
Distressed GentlefolkSouth America (CD only)
80%
Distressed GentlefolkWho Loves You Now?
80%
Distressed GentlefolkDomestic Animal
80%
Distressed GentlefolkBuffalo Shame
80%
Distressed GentlefolkNothing Special
80%
Distressed GentlefolkAngels
80%
Angels [single]Angels
80%
May I [EP]May I (Ayers)
80%
FishcothequeNext Move Sideways
80%
FishcothequeOut Of Touch
80%
FishcothequeGet It Wrong
80%
FishcothequeLot 49
80%
FishcothequeThe Best Way
80%
FishcothequeChickentown
80%
FishcothequeSusie
80%
FishcothequeKeeping The Curtains Closed
80%
Spooky [EP]The Best Way (Edgar Wallace Mix)
80%
Spooky [EP]Sex Engine (CD only)
80%
Spooky [EP]Girl-Go (CD only)
80%
Spooky [EP]Grey Flannelette (CD only)
80%
Big Planet, Scarey PlanetNew Invention
80%
Big Planet, Scarey PlanetLine Of Death
80%
Big Planet, Scarey PlanetHysteria
80%
Big Planet, Scarey PlanetThe Word I Was Looking For
80%
Big Planet, Scarey PlanetNightmare Being
80%
Big Planet, Scarey PlanetDo The Bubonic Plague
80%
Big Planet, Scarey PlanetBad Dream Lover
80%
Big Planet, Scarey PlanetThe Good Ones
80%
New Invention [single]New Invention
80%
Album/Issue Song Title % Correct
New Invention [single]Do The Bubonic Plague
80%
Cult of the BasementThe Basement
80%
Cult of the BasementThe Onion Field
80%
Cult of the BasementDaycare Nation (CD only)
80%
Cult of the BasementMy Zeppelin
80%
Cult of the BasementFertiliser
80%
Cult of the BasementMr. Odd
80%
Cult of the BasementAfter The Great Euphrates
80%
Cult of the BasementPanic In Room 109
80%
Cult of the BasementGirl-Go
80%
Cult of the BasementTurtle Bait
80%
Girl-Go [single]Girl-Go
80%
Girl-Go [single]Girl-Go (Live, L.A.)
80%
We Love You [single]We Love You (554 Mix)
80%
We Love You [single]We Love You (One For The Band)
80%
We Love You [single]We Love You (The Great Awakening)
80%
Condition BlueGirls Say Yes
80%
Condition BlueOur Friends The Filth
80%
Condition BlueShe's A Yo Yo
80%
Condition BlueShirley Maclaine
80%
Condition BlueRacheland
80%
She's A Yo Yo [single]She's A Yo Yo (Radio Edit)
80%
She's A Yo Yo [single]She's A Yo Yo
80%
Shirley Maclaine [single]Shirley Maclaine
80%
Shirley Maclaine [single]She's A Yo Yo
80%
Shirley Maclaine [single]Daycare Nation
80%
Shirley Maclaine [single]Panic In Room 109
80%
Sweetwater [single]Sweetwater
80%
Waiting for the Love BusRosemary Davis' World Of Sound
80%
Waiting for the Love BusBakersfield
80%
Waiting for the Love BusSweetwater
80%
Waiting for the Love BusBen
80%
Waiting for the Love BusRosemary Davis' World Of Sound (Reprise) (CD only)
80%
Sixteen Years [single]Truck Of Fear
80%
IlluminateCute Submarines
80%
IlluminateTruck Of Fear
80%
Rotten SoulBig Cats
80%
Rotten SoulDiamorphine
80%
Other Songs that Really Deserve A Place In This QuizWater
75%
Bath of BaconChinatown
60%
Bath of BaconPoisoned By Food
60%
Bath of BaconGirls Who Keep Goldfish
60%
A Scandal in BohemiaMind Like A Playgroup
60%
A Scandal in BohemiaMy Desert
60%
Marnie [single]Girls Who Keep Goldfish [12']
60%
Roadrunner [single] Roadrunner (Richman)
60%
Roadrunner [single] Rain
60%
Roadrunner [single] Drink
60%
Zombie Love [single] Girls Who Keep Goldfish
60%
Affection [single]Affection (Richman)
60%
Affection [single]Over You (Reed)
60%
Christmas With The Pygmies [single]Christmas With The Pygmies
60%
Hard [single]Hard
60%
Hard [single]Thing
60%
Conspiracy [EP]Big Old Wind
60%
Conspiracy [EP]Conspiracy
60%
Angels [single]Rebecca Wants Her Bike Back
60%
Angels [single]Mersey
60%
May I [EP]Speedy Gonzalez (Hess, Kaye, Lee) (Live)
60%
May I [EP]Over You (Reed)
60%
FishcothequeLiving In A Village
60%
FishcothequeSwell
60%
Big Planet, Scarey PlanetBicycle Kid
60%
Big Planet, Scarey PlanetBurglar Of Love
60%
Cult of the BasementShe's On Drugs
60%
Cult of the BasementPineapple Tuesday
60%
Cult of the BasementSister Death
60%
Girl-Go [single]Burglar Of Love (Live, Vancouver)
60%
Condition BlueHarlan
60%
Album/Issue Song Title % Correct
Condition BlueMonkeyface
60%
Condition BlueHoney
60%
Shirley Maclaine [single]She's On Drugs
60%
Waiting for the Love BusKids In The Mall/Kaliningrad
60%
Waiting for the Love BusGhosts
60%
Waiting for the Love BusPenguins
60%
Waiting for the Love BusPresident Chang
60%
Waiting for the Love BusAngel Station
60%
Waiting for the Love BusEverybody's Talking (Neil) (TriStar Only)
60%
Waiting for the Love BusDo You Wanna Dance (Freeman) (TriStar Only)
60%
Vodka Girls [various]Vodka Girls
60%
Sixteen Years [single]Sixteen Years
60%
Sixteen Years [single]Surf Gear In Idaho (CD only)
60%
IlluminateA Great Visitation Of Elephants
60%
IlluminateSixteen Years
60%
IlluminateLulu's Nightmare
60%
IlluminateBeetle George
60%
IlluminateWhen Eno Sings
60%
IlluminateSurf Gear In Idaho
60%
IlluminateTrue Stories
60%
Rotten SoulCome On, Marie
60%
Rotten SoulBaby, It's You
60%
Rotten SoulMister Siberia (21st Century Winter)
60%
Rotten SoulTough Priest
60%
Other Songs that Really Deserve A Place In This QuizOlof Palme
50%
Other Songs that Really Deserve A Place In This QuizCity Of Night
50%
Other Songs that Really Deserve A Place In This QuizThe Hairbrush And The Tank
50%
The Human Jungle [single]Death Dentist
40%
The Human Jungle [single]The Devil Is My Friend
40%
Leaving It Up To You [various]Leaving It Up To You (Cale)
40%
Hard [single]Grooving In The Bus Lane
40%
Hard [single]Vienna Song
40%
Conspiracy [EP]Forever
40%
Conspiracy [EP]Peter Lorre
40%
May I [EP]Knocking On Heaven's Door (Dylan) (Live)
40%
Spooky [EP]Whitfield, Sarah & The Birchfield Road Affair (CD only)
40%
Spooky [EP]Spooky (Buie/Cobb/Middlebrooks/Shapiro) (Extended Version)
40%
Spooky [EP]Spooky (Buie/Cobb/Middlebrooks/Shapiro) (Single Version) (CD only)
40%
New Invention [single]Almost Brooklyn
40%
Condition BlueStill & All
40%
Waiting for the Love BusWhaddya?
40%
Waiting for the Love BusBaltic
40%
Sixteen Years [single]Waiting For Sumo (CD only)
40%
IlluminateOld Snakey
40%
IlluminateBlues For Dead Dean Reed
40%
IlluminateWaiting For Sumo
40%
IlluminateScarlett
40%
IlluminateLand
40%
Rotten SoulSleepwalking
40%
Rotten SoulNiagara
40%
Rotten SoulThe One You Adore
40%
Rotten SoulI Hate Love
40%
Rotten SoulCall Me
40%
Other Songs that Really Deserve A Place In This QuizLost in France
25%
Other Songs that Really Deserve A Place In This QuizBeautiful Snow-White Hair
25%
Southern Mark Smith [single]Jazz Butcher -v- Count Dracula
20%
Marnie [single]Sweet Jane (Reed) [12']
20%
Marnie [single]Cowgirl Fever [12']
20%
Zombie Love [single] Sweet Jane (Reed)
20%
Zombie Love [single] Cowgirl Fever
20%
Affection [single]Heartache Following Me
20%
Real Men [single]JB -v- PM
20%
Spooky [EP]Blame
20%
Spooky [EP]Blame (It On The Libyans) (CD only)
20%
Girl-Go [single]Excellent!
20%
Waiting for the Love BusKilled Out
20%
IlluminateThe Ugliest Song In The World
20%
IlluminateCops And Hospitals
20%
Rotten SoulThe Ballad Of Tiny And Clyde
20%

You're not logged in!

Compare scores with friends on all Sporcle quizzes.
Join for Free
OR
Log In

You Might Also Like...

Show Comments

Extras

Top Quizzes Today


Score Distribution

Your Account Isn't Verified!

In order to create a playlist on Sporcle, you need to verify the email address you used during registration. Go to your Sporcle Settings to finish the process.

Report this User

Report this user for behavior that violates our Community Guidelines.

Details: